1996 1148 1017 1707 1321 1229 1123 1210 1446 1903 1608 1341 1481 1902 1279 1954 1904 1984 1858 1536 1778 1747 1355 1203 1178 1894 1917 1753 1780 1306 1360 1334 1362 1185 1008 1398 1486 1689 1102 1643 1998 1067 1771 1312 1474 1610 1879 1098 1261 1459 1004 1056 1001 1331 1637 1385 1510 1549 1273 1831 1480 1581 1383 1598 1963 1915 1915 1457 1717 1020 1763 1989 1859 1553 1399 1878 1823 1238 1137 1851 1894 1066 1737 1724 1312 1807 1149 1347 1332 1138 1283 1612 1475 1312 1686 1712 1929 1387 1302 BCNSPRNW ULIB Ver.6.0+V

เปลี่ยนเป็นภาษาไทย

Change to English
 แสดงรายละเอียดบรรณานุกรม
  กลับหน้าหลัก

Brief Record : Get Marc (ISO 2709) : E-mail record : QR code < ปิดหน้าต่าง
LEADER : 00000nam 2200000uu 4500
001    13399110707
003     ULIB
008    110608s2552||||th 000 0 tha d
020    9786115080267
050  4 BF637.S8^bค336ว 2552
100 1  คาร์เนกี้, เดล
245 10 วิธีชนะมิตรและจูงใจคน =^bHow to win friends and influencepeople /^cเดล คาร์เนกี้ ; แปลโดย อาษา ขอจิตต์เมตต์
246 31 How to win friends and influence people
260    กรุงเทพฯ :^bแสงดาว,^c2552
300    360 หน้า ;^c21 ซม.
500    "จัดพิมฑ์เป็นเครื่องระลึกในวาระครบรอบ 101 ปี"
650  7 จิตวิทยาประยุกต์
650  7 จิตวิทยาสังคม
700 0  อาษา ขอจิตต์เมตต์,^eผู้แปล
700 12 Carnegie, Dale.^tHow to win friends and influence people
945    ^p250^l0^i18225
945    ^p250^l0^i18281
995    กัณชพร
999    ^aใช้งานได้ทุกระบบ
รายการนี้ยังไม่มีแท็ก
คุณยังไม่ได้ล็อกอิน คุณสามารถมีกิจกรรมร่วมกับเว็บไซต์ได้ แต่ต้องล็อกอินก่อน ::
  ล็อกอิน

รายการสื่อสารสนเทศ

ลำดับที่ ประเภท เลขเรียก/บาร์โค้ด สถานที่ สถานะ
1. วิทยาศาสตร์การแพทย์ และสุขภาพ
วิทยาศาสตร์การแพทย์ และสุขภาพ
BF637.S8 ค336ว 2552 ฉ.2 
  Barcode: 18281
ห้องสมุดวิทยาเขตสวรรค์ประชารักษ์
►หนังสือทั่วไป
บนชั้น

รายการใกล้เคียง
    ผู้แต่ง [คาร์เนกี้, เดล]

    หัวเรื่อง [จิตวิทยาประยุกต์]
    หัวเรื่อง [จิตวิทยาสังคม]

BibComment


ยังไม่เคยถูกคอมเมนท์

คอมเมนท์ทรัพยากรรายการนี้
  คอมเมนท์: วิธีชนะมิตรและจูง..


 Copyright 2026. Bcnsprnw @Library